| 000 | 00584nam a2200205 a 4500 | ||
|---|---|---|---|
| 001 | 19135 | ||
| 003 | CO-ViMGA | ||
| 008 | 141112s2004 ck r 000 u spa d | ||
| 020 | _a9584203266 | ||
| 040 |
_aCO-ViMGA _bspa _cCO-ViMGA |
||
| 082 | 0 | 4 | _a923.946 L396 |
| 100 | 1 |
_aQuintero Saravia, Gonzalo _927441 |
|
| 245 | 1 | 0 |
_aDon Blas de Lezo : _bdefensor de Cartagena de Indias |
| 260 |
_aBogotá : _bPlaneta; 2002 |
||
| 300 | _a309 p. | ||
| 490 | _aBiografia | ||
| 590 | _aForma de adquisición : Premio Mincultura | ||
| 650 | 1 | 4 |
_aLEZO, BLAS DE, 1687 - 1741 _927442 |
| 942 |
_2ddc _cBK |
||
| 999 |
_c28306 _d28306 |
||